Coldest Countries in July - Statistics

General Stats
  • This quiz has been taken 12 times
  • The average score is 15 of 20
Answer Stats
Temperature Country % Correct
8.2 °C Argentina
92%
14.9 °C Australia
92%
5 °C Chile
92%
6 °C New Zealand
92%
12.2 °C Norway
92%
15.8 °C Russia
92%
11.5 °C Uruguay
92%
12.9 °C Canada
83%
9.2 °C Iceland
83%
6.2 °C Lesotho
83%
12.1 °C South Africa
83%
15.1 °C Sweden
83%
15.1 °C United Kingdom
83%
15.2 °C Ireland
75%
14.8 °C Namibia
67%
15 °C Botswana
58%
15.7 °C Switzerland
58%
12.4 °C Bhutan
33%
15.9 °C Kyrgyzstan
8%
14.9 °C Tajikistan
8%
No matching quizzes found
Score Distribution
Percent of People with Each Score
Percentile by Number Answered
Your Score History
You have not taken this quiz